Estadísticas para Territorios habitados de los Estados Unidos

Haz click aquí para tomar la prueba!

Estadísticas generales

  • Esta prueba ha sido tomada 1.177 veces
  • La puntuación promedio es 3 de 5

Estadísticas de respuestas

PoblaciónTerritorio% Correcto
3,667,084Puerto Rico
98%
159,358Guam
63%
106,405Islas Virgenes Americanas
61%
55,519Samoa Americana
47%
77,000Islas Marianas del Norte
27%

Distribución de puntuación

Porcentaje por número respondido

Porcentaje de gente con cada puntuación

Historial de tus puntuaciones

No has tomado esta prueba